000
00278 a2200121 4500
005
20250628104428.0
082
_a
657ROC
100
_a
ROCKNESS, J.
245
_a
Financial Accounting and Management Accounting,
250
_a
2nd Ed.
700
_a
SKENDER, C. J.
942
_2
ddc
_c
BKS
999
_c
5965
_d
5965